Переписка по ходатайству Нежинского городского головы Черниговской губернии об очистке реки Остра, являющейся источником заразны...

Доступно только в Электронных читальных залах Найти на картеНа карте
RUSMARC
00003843nmc2a22002413x 450
0011e09e592-7819-46a6-af45-6c12d4d52509
00520210427141025.0
100##$a20210121l19141915k l0rusy0189 ca
1010#$arus
102##$aRU
105##$ay###
1222#$ad
2001#$aПереписка по ходатайству Нежинского городского головы Черниговской губернии об очистке реки Остра, являющейся источником заразных болезней
$j24 февраля 1914 г. - 3 марта 1915 г.
215##$a18 л.
$d36,5х26 см
251##$cДело
300##$aДело
371##$aДокумент не является опубликованным и широко распространяемым
461#0$10010531e687-d0ba-4684-b627-c7746d67199f
$12001
$aПереписка с западной экспедицией по осушению болот и местными управлениями земледелия и государственных имуществ о производстве изысканий по осушению болот на частновладельческих землях, с приложением прошений крестьян и владельцев имений
$1251
$cДело
$1852
$j1
462#0$10011ad45bc4-c305-4a1e-a4f9-e0213db6ead5
$12001
$aОпись № 1
$1251
$cОпись
$1852
$j1
801#0$aRU
$bРГИА
$c20210121
$gRCR
801#1$aRU
$bГлавНИВЦ
$c20210121
$2rusmarc
801#2$aRU
$bПБ им. Б.Н. Ельцина
$c20210427
$gRCR
$2rusmarc
850##$aРГИА
852##$aРГИА
$eФедеральное казенное учреждение "Российский государственный исторический архив" (РГИА)
$j1158
937##$hРГИА
$d12358237
$aASBIBLIO_SCAN
035##$aRusGRCC00019532
856##$uhttp://readingroom.main.prlib.ru/item.aspx?id_node=n163580415&mode=full
Формат отображения